Practical optimization : (Record no. 32080)
[ view plain ]
| 000 -LEADER | |
|---|---|
| fixed length control field | 00513 a2200181 4500 |
| 003 - CONTROL NUMBER IDENTIFIER | |
| control field | NUST |
| 020 ## - INTERNATIONAL STANDARD BOOK NUMBER | |
| International Standard Book Number | 0387711066 |
| 020 ## - INTERNATIONAL STANDARD BOOK NUMBER | |
| International Standard Book Number | 9780387711065 |
| 038 ## - RECORD CONTENT LICENSOR | |
| Staff Name | khadija |
| 082 ## - DEWEY DECIMAL CLASSIFICATION NUMBER | |
| Classification number | 519 |
| Author Mark | ANT |
| 100 1# - MAIN ENTRY--PERSONAL NAME | |
| Personal name | Antoniou, Andreas. |
| 9 (RLIN) | 8729 |
| 245 10 - TITLE STATEMENT | |
| Title | Practical optimization : |
| Remainder of title | algorithms and engineering applications / |
| Statement of responsibility, etc. | Andreas Antoniou, Wu-Sheng Lu. |
| 260 ## - PUBLICATION, DISTRIBUTION, ETC. | |
| Place of publication, distribution, etc. | [S.l.] : |
| Name of publisher, distributor, etc. | Springer, |
| Date of publication, distribution, etc. | 2007. |
| 300 ## - PHYSICAL DESCRIPTION | |
| Extent | 696 p. ; |
| Dimensions | 24 cm. |
| 563 ## - BINDING INFORMATION | |
| Binding note | hardcover |
| 700 ## - ADDED ENTRY--PERSONAL NAME | |
| Personal name | Lu, Wu-Sheng |
| 9 (RLIN) | 8730 |
| 942 ## - ADDED ENTRY ELEMENTS (KOHA) | |
| Institution code [OBSOLETE] | SNS |
| Koha item type | Book |
| Call number prefix | 519.3 ANT |
| Source of classification or shelving scheme | |
| Withdrawn status | Lost status | Source of classification or shelving scheme | Damaged status | Not for loan | Permanent Location | Current Location | Shelving location | Date acquired | Full call number | Barcode | Date last seen | Price effective from | Koha item type | Public note |
|---|---|---|---|---|---|---|---|---|---|---|---|---|---|---|
| School of Mechanical & Manufacturing Engineering (SMME) | School of Mechanical & Manufacturing Engineering (SMME) | General Stacks | 07/23/2015 | 519 ANT | SMME-805 | 03/27/2018 | 07/23/2015 | Book | Rack,47-Shelf,3 |
